000 01138cam a22002531 4500
082 0 0 _a669.1
_bTEI
_cL-17, P-30
100 1 _aTeichert, Ernest John,
_945154
245 1 0 _aFerrous metallurgy ...
_cby Ernest J. Teichert ...
250 _a2d ed.
260 _aNew York,
_aLondon,
_bMcGraw-Hill book company, inc.,
_c1944.
300 _a3 v.
_billus., tables, diagrs.
_c22 cm.
490 0 _aThe Pennsylvania state college. Mineral industries series
500 _aEarlier editions issued by Pennsylvania state college, School of mineral industries, Extension division have title: Extension course in ferrous metallurgy.
500 _aSeries title in part at head of t.-p.
505 0 _a1. Introduction to ferrous metallurgy.--2. The manufacture and fabrication of steel.--3. Metallography and heat-treatment of steel.
526 _a0
_b0
_c0
_d669_100000000000000_TEI
526 _a0
_b0
_c0
_d669_100000000000000_TEI
526 _a0
_b0
_c0
_d669_100000000000000_TEI
650 0 _aIron
_xMetallurgy.
_944931
650 0 _aMCE
_9379
650 0 _aSteel
_xMetallurgy.
_944932
710 2 _aPennsylvania state college.
_945155
942 _2ddc
_cBK
999 _c548740
_d548740